Aktívne bankové operácie diplomová práca

Guardado en:
Detalles Bibliográficos
Autor principal: Piroha, Ondrej
Autor Corporativo: Národohospodárska fakulta EU. Katedra bankovníctva a medzinárodných financií
Otros Autores: Klimiková, Mária
Formato: Libro
Lenguaje:eslovaco
Publicado: Bratislava 2010
Etiquetas: Agregar Etiqueta
Sin Etiquetas, Sea el primero en etiquetar este registro!

MARC

LEADER 00000nam a2200000 4500
001 0119554
005 20240318121646.5
041 0 |a slo 
044 |a SK 
245 1 0 |a Aktívne bankové operácie  |b diplomová práca  |c Ondrej Piroha ; škol. Mária Klimiková 
264 1 |a Bratislava  |c 2010 
300 |a 62 s. 
100 1 |a Piroha, Ondrej 
700 1 |a Klimiková, Mária 
710 2 |a Národohospodárska fakulta EU. Katedra bankovníctva a medzinárodných financií